| 000 | 00385nam a2200157Ia 4500 | ||
|---|---|---|---|
| 008 | 230917s9999||||xx |||||||||||||| ||und|| | ||
| 020 | _cRS75 | ||
| 040 |
_e9073 _aMAIN |
||
| 041 | _aEnglish | ||
| 082 | _a352.054 P886P | ||
| 100 | _aPrasad, V Sivalinga | ||
| 245 | 0 | _aPanchayats and development | |
| 260 |
_aNew Delhi _bLight and Life _c1981 |
||
| 300 | _axi, 219 p. | ||
| 942 | _cBK | ||
| 999 |
_c218426 _d218426 |
||